000 00840nam a22002417a 4500
005 20170124110000.0
010 _aA-952617
020 _c150.00
_a8120312589
035 _aA-952617
037 _bCen Lib/Ret
040 _aDPL
_bEN
082 _a005.13
_bSEN
100 _aSengupta, Probal
_915558
245 _aObject-Oriented programming :
_cby Probal Sengupta [and] Bidyut Baran Chaudhuri
_bfundamentals ans applications /
260 _bNew Delhi
_aPrentice-Hall of India
_c1998
270 _bNew Delhi
_aM-97, Connaught Circus
_e110001
300 _ax,257p.
_c23cm(Hb)
500 _aIncludes bibliographic references and index
650 _aObject-oriented programming (Computer science)
_915559
650 _aSystem design
_915560
700 _aChaudhuri, Bidyut Baran
_915561
942 _2ddc
_cEN
_h005.13
_mSEN
999 _c125809
_d125809